00458nam a22001697a 450000500170000001000170001702000260003403500170006003700120007708200110008910000200010024500490012025000080016926000290017727000600020630000220026620130703143143.0 aB-508932-933 c625.00a9788131701966 aB-508932-933 bKBD/Ven a370.15 aWoolfolk, Anita aEducational psychology /:cby Anita Woolfolk a9th aNew DelhibPearsonc2013 a11 Community Centre, Panchsheel ParkbNew Delhie110017 a669p.c25cm(pbk)